| 000 | 00575nam a2200181 i 4500 | ||
|---|---|---|---|
| 001 | 59945 | ||
| 003 | ES-MaACL | ||
| 005 | 20251009173641.0 | ||
| 007 | t| | ||
| 008 | 031031s1935 ck ||||1| spa d | ||
| 245 | 0 | 0 |
_aEsguerra _b: delirios republicanos / _cconceptos de Antonio Gómez Restrepo y Fabio Lozano Torrijos. |
| 260 |
_aBogotá : _b[s.n.], _c1935 ( _fTalleres mundo al día) |
||
| 300 | _a68 p. | ||
| 700 | 1 |
_aGómez Restrepo, Antonio, _d1869-1947 _958130 |
|
| 700 | 1 |
_aLozano Torrijos, Fabio. _974472 |
|
| 852 |
_aES-MaACL _j1822-F-16 |
||
| 999 |
_c59945 _d59945 |
||